Historický kalendár

Bibliographic Details
Main Author: (ŽEL) (Author)
Format: Article
Language:Slovak
ISSN:1335-4477
Subjects:

MARC

LEADER 00000nab a2200000 a 4500
001 vtls001561411
003 SK-MaSNL
005 20260303074921.0
008 160322c2005 xo wrzp 0 0slo
015 |a SNBRB2005/04  |2 snkbucl 
040 |a SNKBUCL  |b slo  |c SNKBUCL  |e AACR2 
041 0 |a slo 
044 |a xo  |c SK 
080 |a 61-051  |x (091)  |2 1997 
100 0 |a (ŽEL)  |4 aut  |9 846940 
245 1 0 |a Historický kalendár  |c [autor] (žel) 
504 |a Obsahuje bibliografie 
600 1 7 |a Raymann, Ján Adam,  |d 1690-1770  |2 snkbucl  |9 73968 
600 1 7 |a Moller, Karol Otto  |d 1670-1747  |2 snkbucl  |9 1078690 
600 1 7 |a Müller, Gustáv,  |d 1875-1949  |2 snkbucl  |9 740740 
600 1 7 |a Perlitzy, Ján Daniel,  |d 1705-1778  |2 snkbucl  |9 910348 
600 1 7 |a Markušovský, Ľudovít Ondrej  |d 1815-1893  |2 snkbucl  |9 163927 
600 1 7 |a Olexík, Pavol  |d 1800-1872  |2 snkbucl  |9 1078691 
600 1 7 |a Dérer, Ladislav,  |d 1897-1960  |2 snkbucl  |9 38384 
773 0 |t Zdravotnícke noviny  |g Roč. X, č. 5 (2005), s. 4  |x 1335-4477 
852 |a SNK  |b KIS3GCP 
958 |a MI 
958 |a BX 
999 |c 1773513  |d 1775443